000 00676nam a2200205 i 4500
001 38515
003 ES-MaACL
005 20230906155755.0
007 t|
008 030225s1956 es ||||1| spa d
100 1 _aCalderón Ramirez, Salvador.
_933627
245 1 0 _aDe adentro... /
_cSalvador Calderón Ramirez.
260 _aSan Salvador :
_bMinisterio de Cultura, Departamento Editorial,
_c[1956]
300 _a94 p. ;
_c18 cm.
490 1 _aBiblioteca popular ;
_v15
710 1 _aEl Salvador.
_bMinisterio de Cultura.
_bDepartamento Editorial.
_9180981
830 0 _aBiblioteca popular ;
_v15
_9181768
852 _aES-MaACL
_jC-13956
_bR.41953
999 _c38515
_d38515